Least racially diverse cities in the U.S. - Statistics

General Stats
  • This quiz has been taken 122 times
  • The average score is 12 of 15
Answer Stats
State Answer % Correct
Michigan Detroit
94%
Nevada Las Vegas
94%
Hawaii Honolulu
91%
Ohio Columbus
87%
Washington Seattle
87%
Indiana Indianapolis
86%
Kentucky Louisville
83%
Maryland Baltimore
82%
Florida Jacksonville
82%
Colorado Colorado Springs
77%
Arizona Tucson
76%
Virginia Virginia Beach
75%
Ohio Cleveland
74%
Kentucky Lexington
63%
Nevada Henderson
55%
No matching quizzes found
Score Distribution
Percent of People with Each Score
Percentile by Number Answered
Your Score History
You have not taken this quiz